[Event "Nova Gorica op 27th"]
[Site "Nova Gorica"]
[Date "2023.03.23"]
[Round "9"]
[White "Cortese, Lina"]
[Black "Menon, Michele"]
[Result "1/2-1/2"]
[WhiteElo "1598"]
[BlackElo "1586"]
[PlyCount "84"]
[EventDate "2023.03.16"]
[EventType "swiss"]
[EventRounds "9"]
[EventCountry "SLO"]
[SourceTitle "CBM 213 Extra"]
[Source "ChessBase"]
[SourceDate "2023.05.31"]
[SourceVersion "1"]
[SourceVersionDate "2023.05.31"]
[SourceQuality "1"]

1. c4 b6 2. Nc3 Bb7 3. d4 e6 4. a3 Nf6 5. Bg5 Be7 6. e4 Nxe4 7. Bxe7 Qxe7 8. Nxe4 Bxe4 9. Qg4 Bg6 10. g3 d5 11. Bg2 Nd7 12. Nf3 Nf6 13. Qf4 Rd8 14. Ne5 Qd6 15. cxd5 exd5 16. 0-0 0-0 17. Rac1 c5 18. Nxg6 fxg6 19. Qxd6 Rxd6 20. dxc5 bxc5 21. Rxc5 d4 22. Rd1 d3 23. Rd2 h6 24. Rc3 Rfd8 25. b4 Kh7 26. b5 h5 27. h4 Rd4 28. Rc7 Ra4 29. Rc3 Rad4 30. Kf1 Kh6 31. Bc6 g5 32. hxg5+ Kxg5 33. Bf3 h4 34. Rc7 R8d7 35. Rxd7 Nxd7 36. a4 hxg3 37. fxg3 Nc5 38. a5 Nb3 39. Rd1 Nxa5 40. Ra1 Nc4 41. Bd1 Ne3+ 42. Ke1 Rd8 1/2-1/2

[Event "Nova Gorica op 27th"]
[Site "Nova Gorica"]
[Date "2023.03.22"]
[Round "8"]
[White "Menon, Michele"]
[Black "Juvan, Vid"]
[Result "1-0"]
[WhiteElo "1586"]
[BlackElo "1570"]
[PlyCount "57"]
[EventDate "2023.03.16"]
[EventType "swiss"]
[EventRounds "9"]
[EventCountry "SLO"]
[SourceTitle "CBM 213 Extra"]
[Source "ChessBase"]
[SourceDate "2023.05.31"]
[SourceVersion "1"]
[SourceVersionDate "2023.05.31"]
[SourceQuality "1"]

1. Nf3 d5 2. g3 Bf5 3. Bg2 e6 4. d3 h6 5. Nbd2 Nf6 6. b3 Be7 7. Bb2 c5 8. 0-0 0-0 9. Re1 Bh7 10. c3 Nc6 11. e4 dxe4 12. Nxe4 Nxe4 13. dxe4 e5 14. Qe2 Qd6 15. Rad1 Qe6 16. Nd2 Rad8 17. Nc4 f6 18. Rd5 Qf7 19. Red1 b5 20. Nd6 Bxd6 21. Rxd6 Rxd6 22. Rxd6 Qb7 23. Qd2 b4 24. Qd5+ Kh8 25. Rxc6 Bg8 26. Qd6 bxc3 27. Bxc3 Rb8 28. Rc7 Qb5 29. Qe7 1-0

[Event "Nova Gorica op 27th"]
[Site "Nova Gorica"]
[Date "2023.03.18"]
[Round "3"]
[White "Budai, Federico"]
[Black "Menon, Michele"]
[Result "1-0"]
[WhiteElo "1744"]
[BlackElo "1586"]
[PlyCount "63"]
[EventDate "2023.03.16"]
[EventType "swiss"]
[EventRounds "9"]
[EventCountry "SLO"]
[SourceTitle "CBM 213 Extra"]
[Source "ChessBase"]
[SourceDate "2023.05.31"]
[SourceVersion "1"]
[SourceVersionDate "2023.05.31"]
[SourceQuality "1"]

1. e4 c5 2. Nf3 e6 3. c3 Nc6 4. d4 d5 5. exd5 exd5 6. Be3 cxd4 7. Nxd4 Nf6 8. h3 Be7 9. Be2 0-0 10. Nd2 Nxd4 11. Bxd4 Be6 12. Bd3 b6 13. Nf3 Bc5 14. 0-0 Bxd4 15. Nxd4 Qc8 16. Re1 a6 17. Qd2 h6 18. Re2 b5 19. Nxe6 fxe6 20. Rae1 Re8 21. Bg6 Re7 22. Bf5 Kf7 23. Bxe6+ Rxe6 24. Rxe6 Qxe6 25. Rxe6 Kxe6 26. Qe3+ Kf7 27. Qb6 Re8 28. Qxa6 Re1+ 29. Kh2 Ne4 30. Qxb5 Nxf2 31. Qxd5+ Kf6 32. Qf3+ 1-0

[Event "Arco Christmas op 8th"]
[Site "Arco"]
[Date "2017.12.27"]
[Round "2"]
[White "Spinella, Rocio"]
[Black "Menon, Michele"]
[Result "0-1"]
[WhiteElo "1495"]
[BlackElo "1674"]
[PlyCount "74"]
[EventDate "2017.12.26"]
[EventType "swiss"]
[EventRounds "7"]
[EventCountry "ITA"]
[SourceTitle "CBM 182 Extra"]
[Source "ChessBase"]
[SourceDate "2018.02.23"]
[SourceVersion "1"]
[SourceVersionDate "2018.02.23"]
[SourceQuality "1"]

1. e4 e5 2. Nf3 d6 3. h3 Nf6 4. Nc3 Be7 5. d4 exd4 6. Nxd4 0-0 7. Bd3 c5 8. Nf3 Nc6 9. 0-0 a6 10. Bf4 b5 11. Re1 Bb7 12. e5 dxe5 13. Nxe5 c4 14. Bf1 Bb4 15. Nxc6 Bxc6 16. Qxd8 Rfxd8 17. Bg5 Bxc3 18. bxc3 Rd6 19. Bxf6 Rxf6 20. g3 Kf8 21. Bg2 Rd8 22. Bxc6 Rxc6 23. Kf1 Rd2 24. Re2 Rcd6 25. Ke1 R2d5 26. h4 h5 27. f3 g6 28. g4 hxg4 29. fxg4 Rf6 30. Rf2 Rxf2 31. Kxf2 Rd2+ 32. Ke3 Rxc2 33. Kd4 Rg2 34. a4 Rxg4+ 35. Kc5 bxa4 36. Rxa4 Rxh4 37. Rxa6 Rf4 0-1

[Event "Arco Christmas op 8th"]
[Site "Arco"]
[Date "2017.12.26"]
[Round "1"]
[White "Menon, Michele"]
[Black "Siclari, Giovanni"]
[Result "0-1"]
[WhiteElo "1674"]
[BlackElo "2194"]
[PlyCount "102"]
[EventDate "2017.12.26"]
[EventType "swiss"]
[EventRounds "7"]
[EventCountry "ITA"]
[SourceTitle "CBM 182 Extra"]
[Source "ChessBase"]
[SourceDate "2018.02.23"]
[SourceVersion "1"]
[SourceVersionDate "2018.02.23"]
[SourceQuality "1"]

1. Nf3 Nf6 2. c4 b6 3. g3 c5 4. Bg2 Bb7 5. b3 g6 6. Bb2 Bg7 7. 0-0 0-0 8. d4 cxd4 9. Bxd4 d6 10. Nbd2 Nbd7 11. Qc2 Rc8 12. Qb2 Qc7 13. Rac1 Rfe8 14. Qa1 Qb8 15. e3 Nc5 16. Ne1 Bxg2 17. Kxg2 Qb7+ 18. Kg1 d5 19. b4 Ne6 20. a4 Nxd4 21. exd4 dxc4 22. Rxc4 Qd5 23. Qc3 Rxc4 24. Qxc4 Qxc4 25. Nxc4 Nd5 26. a5 Rc8 27. Ne5 Bxe5 28. dxe5 Nxb4 29. axb6 axb6 30. Nf3 e6 31. Rb1 Nd5 32. Nd4 Rc5 33. Nb5 g5 34. Nd6 h6 35. Kg2 Kg7 36. Rb3 Rc3 37. Rb2 Kg6 38. h3 Rc6 39. Ne4 Rc7 40. Rb3 Kf5 41. Nf6 Nxf6 42. exf6 Rc6 43. Rf3+ Ke5 44. g4 b5 45. Rb3 Rb6 46. Kg3 b4 47. h4 Kxf6 48. hxg5+ hxg5 49. f4 e5 50. fxg5+ Kxg5 51. Rf3 b3 0-1

[Event "Kaltern Trophy-B 2nd"]
[Site "Kaltern"]
[Date "2017.10.28"]
[Round "3"]
[White "Menon, Michele"]
[Black "Saxl, Alexander"]
[Result "1-0"]
[WhiteElo "1678"]
[BlackElo "1503"]
[PlyCount "52"]
[EventDate "2017.10.27"]
[EventType "swiss"]
[EventRounds "5"]
[EventCountry "ITA"]
[SourceTitle "CBM 181 Extra"]
[Source "ChessBase"]
[SourceDate "2017.12.12"]
[SourceVersion "1"]
[SourceVersionDate "2017.12.12"]
[SourceQuality "1"]

1. Nf3 Nc6 2. c4 e5 3. d3 Nf6 4. Nc3 d5 5. cxd5 Nxd5 6. Bd2 Be6 7. g3 Be7 8. Bg2 Bf6 9. Ne4 0-0 10. 0-0 Rc8 11. Rc1 Qd7 12. Nc5 Qe8 13. Nxe6 Qxe6 14. Bg5 h6 15. Bxf6 Nxf6 16. a3 Rcd8 17. Nd2 Nh7 18. Ne4 Nf6 19. Nc5 Qe8 20. Nxb7 e4 21. Nxd8 Nxd8 22. dxe4 Nxe4 23. Rxc7 Ne6 24. Rxa7 Nf6 25. Ra8 Qe7 26. Rxf8+ Qxf8 1-0

[Event "Nova Gorica op 21st"]
[Site "Nova Gorica"]
[Date "2016.02.01"]
[Round "6"]
[White "Rolih, Miran"]
[Black "Menon, Michele"]
[Result "1-0"]
[WhiteElo "1795"]
[BlackElo "1666"]
[PlyCount "29"]
[EventDate "2016.01.29"]
[EventType "swiss"]
[EventRounds "9"]
[EventCountry "SLO"]
[SourceTitle "CBM 170 Extra"]
[Source "ChessBase"]
[SourceDate "2016.02.25"]
[SourceVersion "1"]
[SourceVersionDate "2016.02.25"]
[SourceQuality "1"]

1. e4 d6 2. d4 Nf6 3. Nc3 c6 4. f4 Qa5 5. Bd3 e5 6. Nf3 Bg4 7. 0-0 exd4 8. Ne2 c5 9. e5 Nd5 10. Be4 c4 11. Qxd4 Nb4 12. Bxb7 Nxc2 13. Qe4 Qc5+ 14. Kh1 d5 15. Qxc2 1-0

[Event "Nova Gorica op 21st"]
[Site "Nova Gorica"]
[Date "2016.01.31"]
[Round "5"]
[White "Menon, Michele"]
[Black "Suligoj, Nejc"]
[Result "1-0"]
[WhiteElo "1666"]
[BlackElo "1411"]
[PlyCount "61"]
[EventDate "2016.01.29"]
[EventType "swiss"]
[EventRounds "9"]
[EventCountry "SLO"]
[SourceTitle "CBM 170 Extra"]
[Source "ChessBase"]
[SourceDate "2016.02.25"]
[SourceVersion "1"]
[SourceVersionDate "2016.02.25"]
[SourceQuality "1"]

1. Nf3 c5 2. c4 d6 3. g3 Nf6 4. Bg2 g6 5. b3 Bg7 6. Bb2 0-0 7. 0-0 Nc6 8. d3 Ng4 9. Bxg7 Kxg7 10. Nbd2 Nge5 11. Nxe5 Nxe5 12. Qc2 Rb8 13. Qc3 f6 14. e3 b6 15. d4 Nf7 16. Rad1 Bb7 17. d5 a6 18. f4 b5 19. e4 b4 20. Qb2 Kg8 21. Nf3 Bc8 22. e5 Bg4 23. Rde1 Bxf3 24. Bxf3 f5 25. exd6 exd6 26. Re6 Re8 27. Rfe1 Qd7 28. Qf6 Rxe6 29. dxe6 Qe8 30. exf7+ Qxf7 31. Bd5 1-0

[Event "Nova Gorica op 21st"]
[Site "Nova Gorica"]
[Date "2016.01.31"]
[Round "4"]
[White "Pridigar, Lovro"]
[Black "Menon, Michele"]
[Result "1-0"]
[WhiteElo "1922"]
[BlackElo "1666"]
[PlyCount "63"]
[EventDate "2016.01.29"]
[EventType "swiss"]
[EventRounds "9"]
[EventCountry "SLO"]
[SourceTitle "CBM 170 Extra"]
[Source "ChessBase"]
[SourceDate "2016.02.25"]
[SourceVersion "1"]
[SourceVersionDate "2016.02.25"]
[SourceQuality "1"]

1. d4 d6 2. Nf3 Nf6 3. Nc3 c6 4. a4 a5 5. e4 Bg4 6. Be2 e6 7. 0-0 Be7 8. h3 Bxf3 9. Bxf3 0-0 10. Be2 Nbd7 11. Bg5 Qb6 12. Kh1 e5 13. dxe5 dxe5 14. Rb1 Nc5 15. f4 Ne6 16. Qe1 Nxg5 17. fxg5 Nd7 18. Qg3 Qc7 19. Bc4 Nb6 20. Bb3 Bb4 21. Ne2 Bd2 22. h4 Qe7 23. Rf5 Nd7 24. Rbf1 Kh8 25. Rxf7 Rxf7 26. Rxf7 Qd6 27. Qf3 Nc5 28. Bc4 Nd7 29. Qf5 Rd8 30. h5 Be3 31. h6 g6 32. Rxh7+ 1-0

[Event "Nova Gorica op 21st"]
[Site "Nova Gorica"]
[Date "2016.01.29"]
[Round "1"]
[White "Menon, Michele"]
[Black "Zuttioni, Federico"]
[Result "0-1"]
[WhiteElo "1666"]
[BlackElo "2160"]
[PlyCount "48"]
[EventDate "2016.01.29"]
[EventType "swiss"]
[EventRounds "9"]
[EventCountry "SLO"]
[SourceTitle "CBM 170 Extra"]
[Source "ChessBase"]
[SourceDate "2016.02.25"]
[SourceVersion "1"]
[SourceVersionDate "2016.02.25"]
[SourceQuality "1"]

1. Nf3 Nf6 2. b3 c5 3. Bb2 Nc6 4. g3 e6 5. Bg2 Be7 6. 0-0 0-0 7. d3 d5 8. Nbd2 Qc7 9. c4 d4 10. a3 e5 11. Ne1 Be6 12. Nc2 Rfd8 13. Qb1 Bg4 14. Re1 Bf5 15. Bc1 Qb6 16. Nf3 h6 17. b4 e4 18. dxe4 Nxe4 19. bxc5 Qxb1 20. Rxb1 Nxc5 21. Rb2 a5 22. Rd1 Na4 23. Ncxd4 Nxb2 24. Bxb2 Nxd4 0-1

[Event "Arco op 37th"]
[Site "Arco"]
[Date "2015.10.16"]
[Round "7"]
[White "Menon, Michele"]
[Black "Rocchetti, Marco"]
[Result "0-1"]
[WhiteElo "1666"]
[BlackElo "1836"]
[PlyCount "112"]
[EventDate "2015.10.10"]
[EventType "swiss"]
[EventRounds "9"]
[EventCountry "ITA"]
[SourceTitle "CBM 168 Extra"]
[Source "ChessBase"]
[SourceDate "2015.10.29"]
[SourceVersion "1"]
[SourceVersionDate "2015.10.29"]
[SourceQuality "1"]

1. Nf3 d6 2. c4 e5 3. Nc3 Nf6 4. d3 Be7 5. g3 c6 6. Bg2 0-0 7. 0-0 a5 8. Bd2 Na6 9. a3 Bd7 10. Rb1 Nc5 11. b4 axb4 12. axb4 Ne6 13. b5 Qc7 14. Qc1 Rfb8 15. h3 Nc5 16. Bg5 Qd8 17. Nd2 Ne6 18. Bxf6 Bxf6 19. Nde4 Be7 20. Kh2 f5 21. Nd2 Bg5 22. Qd1 Ra3 23. Rb3 Rba8 24. Rxa3 Rxa3 25. Ndb1 Ra5 26. bxc6 bxc6 27. Qb3 Qc7 28. h4 Nd4 29. Qb2 Bf6 30. e3 Ne6 31. Qd2 Qa7 32. Qe2 Ra1 33. Qc2 Qa5 34. Qb3 Qa7 35. Qb4 Nc5 36. Rd1 Qc7 37. d4 exd4 38. exd4 Qb7 39. Qxb7 Nxb7 40. d5 c5 41. Rd2 Ra7 42. Bf1 Nd8 43. Kg2 Rb7 44. Bd3 Nf7 45. f4 Nh6 46. Ra2 Ng4 47. Nb5 Bxb5 48. cxb5 c4 49. Be2 Rxb5 50. Bxg4 fxg4 51. Nd2 c3 52. Ra8+ Kf7 53. Ne4 Rb2+ 54. Kf1 c2 55. Nxd6+ Kg6 56. f5+ Kh6 0-1

[Event "Arco op 36th"]
[Site "Arco"]
[Date "2014.10.10"]
[Round "7"]
[White "Menon, Michele"]
[Black "Galas, Franco"]
[Result "1/2-1/2"]
[WhiteElo "1703"]
[BlackElo "1719"]
[PlyCount "62"]
[EventDate "2014.10.04"]
[EventType "swiss"]
[EventRounds "9"]
[EventCountry "ITA"]
[SourceTitle "EXT 2016"]
[Source "ChessBase"]
[SourceDate "2015.10.08"]
[SourceVersion "1"]
[SourceVersionDate "2015.10.08"]
[SourceQuality "1"]

1. Nf3 d5 2. c4 c6 3. g3 e6 4. Bg2 Bd6 5. b3 Ne7 6. Bb2 f6 7. 0-0 e5 8. cxd5 cxd5 9. d3 Bd7 10. Nbd2 Nbc6 11. e4 d4 12. Nc4 Bc7 13. Ba3 b5 14. Nd6+ Bxd6 15. Bxd6 Bg4 16. Bxe7 Nxe7 17. Rc1 0-0 18. b4 Qd7 19. Rc5 a6 20. Qb1 Ra7 21. Rfc1 Rc8 22. Nd2 Rc6 23. Nb3 Rac7 24. Rxc6 Nxc6 25. Nc5 Qc8 26. Qb3+ Kh8 27. a3 Nd8 28. Qb2 Nf7 29. Nb3 Rxc1+ 30. Qxc1 Qxc1+ 31. Nxc1 Bd1 1/2-1/2

[Event "Arco Pasqua op 1st"]
[Site "Arco"]
[Date "2014.04.06"]
[Round "1"]
[White "Menon, Michele"]
[Black "Popa, Claudio"]
[Result "0-1"]
[WhiteElo "1725"]
[BlackElo "2105"]
[PlyCount "124"]
[EventDate "2014.04.06"]
[EventType "swiss"]
[EventRounds "7"]
[EventCountry "ITA"]
[SourceTitle "CBM 160 Extra"]
[Source "ChessBase"]
[SourceDate "2014.07.01"]
[SourceVersion "1"]
[SourceVersionDate "2014.07.01"]
[SourceQuality "1"]

1. Nf3 Nf6 2. c4 e6 3. Nc3 d5 4. cxd5 exd5 5. g3 c6 6. d4 Bb4 7. Bd2 0-0 8. Bg2 Nbd7 9. 0-0 Re8 10. a3 Bxc3 11. Bxc3 Ne4 12. e3 Nxc3 13. bxc3 Nb6 14. Nd2 Bf5 15. Re1 Qc7 16. Qb3 Rad8 17. e4 dxe4 18. Bxe4 Bxe4 19. Rxe4 Rxe4 20. Nxe4 Nd5 21. Ng5 h6 22. Nf3 Qa5 23. Rc1 Qb6 24. Qc2 Nf6 25. Ne5 c5 26. Rd1 cxd4 27. cxd4 Nd5 28. Qf5 Qf6 29. Qc2 Qe6 30. Re1 f6 31. Nd3 Qg4 32. Qb2 b6 33. Nb4 Nxb4 34. Qxb4 Qxd4 35. Re8+ Kh7 36. Rxd8 Qxd8 37. Qe4+ Kh8 38. Qb7 a5 39. Qc6 Qd4 40. Qc8+ Kh7 41. Qf5+ Kg8 42. Qc8+ Kf7 43. Qc7+ Kg6 44. Qc2+ f5 45. Qc6+ Kh7 46. h4 Qa1+ 47. Kg2 Qxa3 48. h5 Qc5 49. Qg6+ Kg8 50. Qe8+ Qf8 51. Qe6+ Kh8 52. Qxb6 Qa8+ 53. Kh2 a4 54. Qb2 Qf3 55. Qb8+ Kh7 56. Qe8 Qxf2+ 57. Kh3 Qf1+ 58. Kh2 Qa6 59. Qd7 Qe2+ 60. Kg1 Qg4 61. Kg2 a3 62. Qf7 f4 0-1

[Event "Condino op 12th"]
[Site "Condino"]
[Date "2012.07.27"]
[Round "6"]
[White "Menon, Michele"]
[Black "Agostinetto, Alessandro"]
[Result "1/2-1/2"]
[WhiteElo "1747"]
[BlackElo "1656"]
[PlyCount "99"]
[EventDate "2012.07.22"]
[EventType "swiss"]
[EventRounds "7"]
[EventCountry "ITA"]
[SourceTitle "CBM 149 Extra"]
[Source "ChessBase"]
[SourceDate "2012.08.24"]
[SourceVersion "1"]
[SourceVersionDate "2012.08.24"]
[SourceQuality "1"]

1. Nf3 d5 2. c4 c6 3. b3 Nf6 4. Bb2 Bg4 5. e3 e6 6. Be2 Nbd7 7. 0-0 g6 8. h3 Bxf3 9. Bxf3 Bg7 10. cxd5 cxd5 11. d3 0-0 12. Nd2 Rc8 13. Rc1 Qa5 14. a3 Rc7 15. b4 Qb6 16. Qb3 Rfc8 17. Rxc7 Rxc7 18. e4 dxe4 19. dxe4 Ne8 20. Bxg7 Nxg7 21. Nc4 Qc6 22. Na5 Qc3 23. Qxc3 Rxc3 24. Nxb7 Rxa3 25. Rd1 Nf8 26. Na5 Ne8 27. Rd8 Nc7 28. Be2 Kg7 29. Rc8 Rc3 30. Nb7 Nb5 31. Ra8 Nd4 32. Ba6 Rb3 33. Rxa7 Nc6 34. Ra8 Rxb4 35. Rc8 Rb6 36. Nc5 Nb4 37. Be2 Rc6 38. Rb8 Rxc5 39. Rxb4 Rc1+ 40. Bf1 Nd7 41. f3 h5 42. Kf2 Kf6 43. f4 Rc3 44. Be2 Nc5 45. e5+ Kg7 46. Rd4 Kg8 47. Bf3 Kg7 48. Kg3 Nd3 49. Kh4 Ne1 50. Kg3 1/2-1/2

[Event "Condino op 12th"]
[Site "Condino"]
[Date "2012.07.24"]
[Round "3"]
[White "Lezzerini, Marco"]
[Black "Menon, Michele"]
[Result "1-0"]
[WhiteElo "1948"]
[BlackElo "1747"]
[PlyCount "71"]
[EventDate "2012.07.22"]
[EventType "swiss"]
[EventRounds "7"]
[EventCountry "ITA"]
[SourceTitle "CBM 149 Extra"]
[Source "ChessBase"]
[SourceDate "2012.08.24"]
[SourceVersion "1"]
[SourceVersionDate "2012.08.24"]
[SourceQuality "1"]

1. c4 d6 2. g3 g6 3. Bg2 Bg7 4. Nc3 e5 5. e4 Ne7 6. Nge2 Nbc6 7. 0-0 0-0 8. d3 f5 9. Nd5 Nxd5 10. exd5 Ne7 11. f4 Kh8 12. Rb1 Ng8 13. b4 Nf6 14. Bb2 Re8 15. b5 Qe7 16. Re1 e4 17. Nc3 Bd7 18. dxe4 fxe4 19. Nxe4 Nxe4 20. Rxe4 Qf7 21. Bxg7+ Qxg7 22. Rxe8+ Rxe8 23. Qd2 Bf5 24. Rc1 Qe7 25. Kf2 Kg8 26. Re1 Qf7 27. Rxe8+ Qxe8 28. Qe3 Qf7 29. Qxa7 b6 30. Qb8+ Kg7 31. Qd8 h5 32. Ke3 Kh7 33. Be4 Bg4 34. Qg5 Qg7 35. Kd3 Bh3 36. Qxh5+ 1-0

[Event "Nova Gorica op-A 17th"]
[Site "Nova Gorica"]
[Date "2012.02.01"]
[Round "8"]
[White "Menon, Michele"]
[Black "Petrovic, Marko"]
[Result "0-1"]
[WhiteElo "1786"]
[BlackElo "1979"]
[PlyCount "72"]
[EventDate "2012.01.27"]
[EventType "swiss"]
[EventRounds "9"]
[EventCountry "SLO"]
[SourceTitle "CBM 146 Extra"]
[Source "ChessBase"]
[SourceDate "2012.02.29"]
[SourceVersion "1"]
[SourceVersionDate "2012.02.29"]
[SourceQuality "1"]

1. Nf3 Nf6 2. g3 d5 3. c4 d4 4. Bg2 Nc6 5. 0-0 e5 6. d3 Be7 7. b4 Nd7 8. a3 0-0 9. e3 Bf6 10. Ra2 a5 11. bxa5 Rxa5 12. exd4 exd4 13. Bf4 Nc5 14. Ne1 Ne7 15. Bd2 Ra6 16. Bb4 Ne6 17. c5 Nd5 18. Qb3 Nxb4 19. Qxb4 Be7 20. Rc2 b6 21. Qb2 Nxc5 22. Nf3 Bf6 23. Rd2 Bf5 24. Qb5 Ra5 25. Qc4 Be6 26. Qc2 Bb3 27. Qb2 Rb5 28. Qc1 Bd5 29. Qd1 Qa8 30. Re1 Rxb1 31. Qxb1 Bxf3 32. Bxf3 Qxf3 33. Qb5 g6 34. a4 Ne6 35. h4 Bxh4 36. gxh4 Nf4 0-1

[Event "Nova Gorica op-A 17th"]
[Site "Nova Gorica"]
[Date "2012.01.31"]
[Round "7"]
[White "Hrescak, Ivana"]
[Black "Menon, Michele"]
[Result "1/2-1/2"]
[WhiteElo "1606"]
[BlackElo "1786"]
[PlyCount "66"]
[EventDate "2012.01.27"]
[EventType "swiss"]
[EventRounds "9"]
[EventCountry "SLO"]
[SourceTitle "CBM 146 Extra"]
[Source "ChessBase"]
[SourceDate "2012.02.29"]
[SourceVersion "1"]
[SourceVersionDate "2012.02.29"]
[SourceQuality "1"]

1. e4 d6 2. d4 Nf6 3. Nc3 c6 4. Be3 Nbd7 5. f3 e5 6. Nge2 Be7 7. Ng3 Nb6 8. dxe5 dxe5 9. Qxd8+ Bxd8 10. 0-0-0 0-0 11. Be2 Be6 12. Kb1 h6 13. b3 Bc7 14. Rd2 a5 15. a4 Rad8 16. Rhd1 Rxd2 17. Rxd2 Rd8 18. Rxd8+ Bxd8 19. Kc1 Nbd7 20. Nd1 Be7 21. Nb2 Ba3 22. Kb1 Bc5 23. Bxc5 Nxc5 24. Bc4 Bd7 25. Be2 b5 26. axb5 cxb5 27. Nd3 Nxd3 28. Bxd3 g6 29. Kb2 Ne8 30. Ne2 Nd6 31. Nc3 Kg7 32. Nd5 f5 33. exf5 gxf5 1/2-1/2

[Event "Nova Gorica op-A 17th"]
[Site "Nova Gorica"]
[Date "2012.01.29"]
[Round "4"]
[White "Sambo, Pietro"]
[Black "Menon, Michele"]
[Result "0-1"]
[WhiteElo "1679"]
[BlackElo "1786"]
[PlyCount "60"]
[EventDate "2012.01.27"]
[EventType "swiss"]
[EventRounds "9"]
[EventCountry "SLO"]
[SourceTitle "CBM 146 Extra"]
[Source "ChessBase"]
[SourceDate "2012.02.29"]
[SourceVersion "1"]
[SourceVersionDate "2012.02.29"]
[SourceQuality "1"]

1. e4 d6 2. d4 Nf6 3. Nc3 c6 4. Nf3 Bg4 5. Be2 e6 6. 0-0 Be7 7. e5 Nd5 8. Nxd5 cxd5 9. exd6 Bxd6 10. c3 0-0 11. Be3 Nc6 12. h3 Bxf3 13. Bxf3 b5 14. Be2 Rb8 15. b4 e5 16. dxe5 Bxe5 17. Rc1 a6 18. Qd2 d4 19. cxd4 Nxd4 20. Rfd1 Nxe2+ 21. Qxe2 Qf6 22. Qg4 h6 23. f4 Bb2 24. Rc2 Rbd8 25. Rb1 Bd4 26. Qf3 Qf5 27. Rcc1 Rfe8 28. Rb3 Rxe3 29. Rxe3 Qd3 30. Rc3 Qxc3 0-1

[Event "Nova Gorica op-A 17th"]
[Site "Nova Gorica"]
[Date "2012.01.28"]
[Round "2"]
[White "Lazar, Ales Sr"]
[Black "Menon, Michele"]
[Result "1-0"]
[WhiteElo "2161"]
[BlackElo "1786"]
[PlyCount "95"]
[EventDate "2012.01.27"]
[EventType "swiss"]
[EventRounds "9"]
[EventCountry "SLO"]
[SourceTitle "CBM 146 Extra"]
[Source "ChessBase"]
[SourceDate "2012.02.29"]
[SourceVersion "1"]
[SourceVersionDate "2012.02.29"]
[SourceQuality "1"]

1. e4 d6 2. d4 Nf6 3. Nc3 c6 4. Nf3 Bg4 5. Be2 e6 6. h3 Bh5 7. Nh4 Bxe2 8. Qxe2 Be7 9. Nf3 Nbd7 10. 0-0 0-0 11. b3 b5 12. d5 cxd5 13. exd5 e5 14. Qxb5 Qc7 15. Bb2 Nh5 16. Qe2 Nf4 17. Qd2 Nb6 18. Rac1 Qb7 19. Rfd1 Rac8 20. Kh2 Nc4 21. bxc4 Qxb2 22. Rb1 Qa3 23. Rb7 Bd8 24. Nb5 Qc5 25. Nxa7 Ra8 26. Nc6 Qxc4 27. g3 Ng6 28. Qd3 Qc5 29. Rd2 f5 30. Rb5 Qa3 31. Qxa3 Rxa3 32. Rb3 Rxa2 33. c3 Ra1 34. Rb7 Ba5 35. Rc2 Ra3 36. Ra7 Rxc3 37. Rxc3 Bxc3 38. Rd7 e4 39. Ng5 f4 40. Nxe4 fxg3+ 41. fxg3 Be5 42. Kg2 Ra8 43. h4 Ra2+ 44. Kf3 Ra3+ 45. Kg4 Ra4 46. Kf5 Bxg3 47. Rd8+ Kf7 48. Ng5# 1-0

[Event "Arco op"]
[Site "Arco"]
[Date "2011.12.28"]
[Round "5"]
[White "Menon, Michele"]
[Black "Perich, Stefano"]
[Result "1/2-1/2"]
[WhiteElo "1779"]
[BlackElo "1922"]
[PlyCount "40"]
[EventDate "2011.12.26"]
[EventType "swiss"]
[EventRounds "7"]
[EventCountry "ITA"]
[SourceTitle "EXT 2023"]
[Source "ChessBase"]
[SourceDate "2022.10.05"]
[SourceVersion "1"]
[SourceVersionDate "2022.10.05"]
[SourceQuality "1"]

1. Nf3 d5 2. c4 c6 3. g3 Bf5 4. b3 Nf6 5. Bb2 e6 6. Bg2 h6 7. 0-0 Nbd7 8. d3 Be7 9. Nbd2 0-0 10. Rc1 Bh7 11. a3 a5 12. Qc2 Rc8 13. cxd5 exd5 14. e4 dxe4 15. dxe4 Re8 16. Nd4 Bf8 17. Rfe1 g5 18. Nf5 Ne5 19. Rcd1 Qc7 20. Nc4 Nxc4 1/2-1/2

[Event "Arco op 33rd"]
[Site "Arco"]
[Date "2011.10.29"]
[Round "8"]
[White "Bozzao, Francesco"]
[Black "Menon, Michele"]
[Result "1/2-1/2"]
[WhiteElo "1830"]
[BlackElo "1776"]
[PlyCount "68"]
[EventDate "2011.10.22"]
[EventType "swiss"]
[EventRounds "9"]
[EventCountry "ITA"]
[SourceTitle "EXT 2012"]
[Source "ChessBase"]
[SourceDate "2011.11.24"]
[SourceVersion "1"]
[SourceVersionDate "2011.11.24"]
[SourceQuality "1"]

1. d4 d6 2. Nf3 Nf6 3. c4 Nbd7 4. Nc3 e5 5. e4 Be7 6. g3 0-0 7. Bg2 c6 8. 0-0 a6 9. d5 Nc5 10. Ne1 cxd5 11. cxd5 Bg4 12. Qd2 Bd7 13. b3 Be8 14. Bb2 b5 15. Nd3 Nxd3 16. Qxd3 b4 17. Ne2 Bb5 18. Qd2 Nd7 19. Kh1 Nc5 20. f4 Nd3 21. Rf3 Nxb2 22. Qxb2 exf4 23. gxf4 g6 24. Rd1 Bf6 25. Qd2 Be7 26. h3 Qb6 27. Rg3 Bh4 28. Rf3 Bf6 29. Nd4 a5 30. Re3 a4 31. Qf2 axb3 32. axb3 Rfc8 33. Qg3 Rc3 34. Rxc3 bxc3 1/2-1/2

[Event "Arco op 33rd"]
[Site "Arco"]
[Date "2011.10.26"]
[Round "5"]
[White "Nicolodi, Raoul"]
[Black "Menon, Michele"]
[Result "1-0"]
[WhiteElo "1983"]
[BlackElo "1776"]
[PlyCount "69"]
[EventDate "2011.10.22"]
[EventType "swiss"]
[EventRounds "9"]
[EventCountry "ITA"]
[SourceTitle "EXT 2012"]
[Source "ChessBase"]
[SourceDate "2011.11.24"]
[SourceVersion "1"]
[SourceVersionDate "2011.11.24"]
[SourceQuality "1"]

1. Nf3 d6 2. c4 Nf6 3. g3 e5 4. Bg2 Be7 5. Nc3 c6 6. 0-0 0-0 7. d3 Nbd7 8. b4 a5 9. b5 Nc5 10. Ba3 Ne6 11. Nh4 Nd4 12. e3 cxb5 13. cxb5 Ne6 14. Nf5 Nc5 15. Nxe7+ Qxe7 16. d4 exd4 17. exd4 Ne6 18. Re1 Qc7 19. Rc1 Qb6 20. Na4 Qd8 21. f4 Rb8 22. b6 g6 23. d5 Ng7 24. Bb2 Nf5 25. g4 Nxg4 26. Qxg4 Bd7 27. Rc7 Bxa4 28. Qh3 h6 29. Qc3 f6 30. Bh3 Rf7 31. Bxf5 gxf5 32. Qg3+ Kf8 33. Qg6 Be8 34. Qxh6+ Kg8 35. Kh1 1-0